|
|
|
|
| LEADER |
00000nam a22000007a 4500 |
| 005 |
20181123231221.0 |
| 007 |
cr|||| |||| |
| 008 |
181123s2017 mx |||||s|||| 00||0 spa d |
| 020 |
|
|
|a 978-607-8447-87-9
|
| 035 |
|
|
|a 22484
|
| 040 |
|
|
|a vLex
|
| 090 |
|
|
|c 8324
|d 8324
|
| 100 |
1 |
|
|a Camacho Espinosa, Gregorio Javier
|
| 245 |
1 |
0 |
|a Nueve propuestas para prevenir el delito
|h [Recurso electrn̤ico] :
|b 1er. concurso de ensayo sobre prevencin̤ del delito /
|c Gregorio Javier Camacho Espinosa, Luis Alberto Camacho Guzmǹ, Gabriel Domn̕guez Barrios
|
| 256 |
|
|
|a Servicio en ln̕ea
|
| 260 |
|
|
|a Ciudad de Mx̌ico:
|b Instituto de ciencias penales de Mx̌ico (INACIPE),
|c 2017
|
| 300 |
|
|
|a 1 recurso electrn̤ico
|
| 506 |
1 |
|
|a Disponible solo en los productos indicados
|d vLex Global
|d vLex Global (Academic Edition, excluding Law Schools)
|d vLex Global (U.S. Academic Edition, Law Schools)
|d vLex Global (U.S. Academic Edition, excluding Law Schools)
|d vLex Global (Academic Edition, Law Schools)
|
| 650 |
0 |
4 |
|a Derecho Penal
|z Mx̌ico
|
| 700 |
1 |
|
|a Camacho Guzmǹ, Luis Alberto
|
| 700 |
1 |
|
|a Domn̕guez Barrios, Gabriel
|
| 740 |
0 |
|
|a vLex Libros (Servicio en ln̕ea)
|
| 856 |
4 |
0 |
|u http://vlex.com/source/nueve-propuestas-prevenir-delito-1er-concurso-ensayo-prevencion-delito-22484
|z Acceso restringido
|
| 942 |
|
|
|c BOOK
|
| 999 |
0 |
|
|a Criminal law
|